LIBRARY & INFORMATION CENTRE, KCAET, TAVANUR

ONLINE PUBLIC ACCESS CATALOGUE (OPAC)

Crops of the drier regions of the tropics / (Record no. 9386)

MARC details
000 -LEADER
fixed length control field 00429cam a2200169ua 4500
020 ## - INTERNATIONAL STANDARD BOOK NUMBER
ISBN 0 582 77506 x
041 ## - LANGUAGE CODE
Language code of text/sound track or separate title eng
082 ## - DEWEY DECIMAL CLASSIFICATION NUMBER
Classification number 631.09154
Item number GIB/CR
100 ## - MAIN ENTRY--AUTHOR NAME
Personal name Gibbsson, David .
245 ## - TITLE STATEMENT
Title Crops of the drier regions of the tropics /
250 ## - EDITION STATEMENT
Edition statement 1 /
260 ## - PUBLICATION, DISTRIBUTION, ETC. (IMPRINT)
Place of publication London :
Name of publisher Longman ,
Year of publication 1985.
300 ## - PHYSICAL DESCRIPTION
Number of Pages 157 ; .
942 ## - ADDED ENTRY ELEMENTS (KOHA)
Koha item type Books
Holdings
Withdrawn status Lost status Damaged status Home library Current library Date acquired Full call number Accession Number Koha item type
      KAUAET KAUAET 27/03/1987 631.09154 16248 Books
free website counter